|
|
|
แสดงรายละเอียดบรรณานุกรม |
|
|
Brief Record
: Get Marc (ISO 2709)
: E-mail record
: |
|
|
| LEADER 00000nam 2200000uu 4500 | |||
| 001 47581 | |||
| 003 ULIBM | |||
| 008 020711s2005 th a 000 0 tha d | |||
| 020 ^a1904563384 | |||
| 082 ^a959.70431^bG-V | |||
| 100 ^aGriffiths, Philip Jones | |||
| 245 ^aVietnam at Peace/^cPhilip Jones Griffiths | |||
| 260 ^aLondon :^bTrolley,^c2005 | |||
| 300 ^a305 page | |||
| 650 ^aVietnam War, 1961-1975 | |||
| 999 ^ananthaya | |||
| คุณยังไม่ได้ล็อกอิน คุณสามารถมีกิจกรรมร่วมกับเว็บไซต์ได้ แต่ต้องล็อกอินก่อน :: |
|
| สถานะ | |||||||||
| 1. | หนังสือ | 959.70431 G-V 2005 Barcode: 077750 | ►หนังสือทั่วไป | On Shelf ขอยืม | |||||
| [แสดง 1/1 รายการ] | |||||||||

BibComment |
| คอมเมนท์ทรัพยากรรายการนี้ |
|
|
ห้องสมุดโรงเรียนสามัคคีวิทยาคม
159 ถ.บรรพปราการ ต.เวียง อ.เมือง จ.เชียงราย 57000
โทร. 053-711018 โทรสาร 053-713003